| 000 | 00647nam a2200205 a 4500 | ||
|---|---|---|---|
| 020 | _a9788177586749 (hb) | ||
| 082 |
_a320 _bALM _cN01,P-155 |
||
| 100 |
_aAlmond, Gabriel A _937662 |
||
| 245 | 1 |
_aComparative Politics Today : _ba world view. _cAlmond, Gabriel A |
|
| 250 | _a8th ed. | ||
| 260 |
_aDelhi : _bPearson Education, _c2004. |
||
| 300 | _a808p. : ill. | ||
| 526 |
_a0 _b0 _c0 _d320_000000000000000_ALM |
||
| 526 |
_a0 _b0 _c0 _d320_000000000000000_ALM |
||
| 526 |
_a0 _b0 _c0 _d320_000000000000000_ALM |
||
| 650 | 0 |
_aComparative Politics. _937663 |
|
| 650 | 0 |
_aNUST _96342 |
|
| 700 |
_aAlmond, Gabriel A. [et al.]. _937664 |
||
| 942 |
_2ddc _cBK |
||
| 999 |
_c542483 _d542483 |
||